MARC

Tag First Indicator Second Indicator Subfields
LEADER 00000cam a2200000M 4500
001 in00004028343
005 20180718090459.0
008 170123s2018 cc a 000 0 eng d
019 |a 969422790  |a 1029308888 
020 |a 1946226122 
020 |a 9781946226129 
020 |a 1946226041 
020 |a 9781946226044 
035 |a (OCoLC)ocn969417682 
035 |a (OCoLC)969417682  |z (OCoLC)969422790  |z (OCoLC)1029308888 
040 |a YDX  |b eng  |c YDX  |d OCLCF  |d UtOrBLW 
043 |a n-us-fl 
049 |a TXAM 
050 4 |a NA737.S676  |b A4 2018 
082 0 4 |a 720.92/2  |2 23 
245 0 0 |a Environmental modernism :  |b the architecture of [STRANG] /  |c edited by Oscar Riera Ojeda; forward by Robert McCarter; introduction by Byron Hawes, Essay by Max Strang; interview by John T. O'Connor; principal photography by Claudia Uribe Touri and Claudio Manzoni. 
264 1 |a [Hong Kong] :  |b Oscar Riera Ojeda Publishers,  |c 2018. 
300 |a 655 pages :  |b illustrations ;  |c 24 cm 
336 |a text  |b txt  |2 rdacontent 
336 |a still image  |b sti  |2 rdacontent 
337 |a unmediated  |b n  |2 rdamedia 
338 |a volume  |b nc  |2 rdacarrier 
541 0 |a Given in memory of Ben Edward Boettcher by Dr. Lana Smith, April 2018 
610 2 0 |a STRANG (Firm) 
650 0 |a Architecture  |x Environmental aspects  |z Florida. 
650 0 |a Architecture and climate  |z Florida. 
650 0 |a Modern movement (Architecture)  |z Florida. 
650 0 |a Architecture  |z Florida  |v Designs and plans. 
650 7 |a Architecture.  |2 fast  |0 (OCoLC)fst00813346 
650 7 |a Architecture and climate.  |2 fast  |0 (OCoLC)fst00813549 
650 7 |a Architecture  |x Environmental aspects.  |2 fast  |0 (OCoLC)fst00813425 
650 7 |a Modern movement (Architecture)  |2 fast  |0 (OCoLC)fst01024437 
651 7 |a Florida.  |2 fast  |0 (OCoLC)fst01205150 
655 7 |a Architectural drawings.  |2 fast  |0 (OCoLC)fst01986246 
994 |a C0  |b TXA 
948 |a cataloged  |b h  |c 2018/6/4  |d c  |e jlanham  |f 3:36:57 pm 
999 f f |s 04b3e82b-8edf-370d-958b-94472ea1dabd  |i 9d44916b-cc3c-3f0f-b92f-07beba0beb86  |t 0 
952 f f |p normal  |a Texas A&M University  |b College Station  |c Sterling C. Evans Library  |s Evans stk  |d Evans: Library Stacks  |t 0  |e NA737.S676 A4 2018  |h Library of Congress classification  |i unmediated -- volume  |m A14850427700 
998 f f |a NA737.S676 A4 2018  |t 0  |l Evans: Library Stacks